000 01304nam a2200313Ia 4500
001 dia_6290
003 CHAP
005 20251023172339.0
008 220117s2002 xx 000 0 und d
010 _a177690
020 _a970-613-694-0
040 _cCHAP
082 _a338.97306 N33 2002
245 _aUna nación transformada por la información : como la información ha modelado a Estados Unidos de América desde la época de la Colonia hasta la actualidad /
_c edición Alfred D. Chandler y James W. Cortada ; traducción Guadalupe Meza Staines
260 _aMéxico :
_b Oxford University Press,
_c2002
300 _axii, 432 p.
500 _aTítulo original: A nation transformed by information: how information has shaped the United States from Colonial times to the present
503 _aC/e
590 _aHC110.I55 N33 2002
650 _aInformation technology
_xUnited States
_xHistory
_9161900
650 _aTecnología de la información
_xEstados Unidos
_xHistoria
_9161901
700 _aChandler, Alfred D., ed.
_9161902
700 _aCortada, James W., ed.
_9161903
700 _aMeza Staines, Guadalupe, tr.
_9148137
901 _a338.97306 N33 2002
902 _aA
905 _a5232272002 mx admn8222223322spa16
942 _cLIBRO
_2ddc
999 _c177690
_d177690